Partial sequencing of a putative Alstroemeria necrotic streak orthotospovirus isolate detected on lettuce in Colombia (Registro n. 328764)
[ somente texto ]
| 000 -LÍDER | |
|---|---|
| fixed length control field | 03630nab a2200313 i 4500 |
| 003 - CÓDIGO MARC DA AGÊNCIA CATALOGADORA | |
| Campo de controle | BR-BrBNA |
| 005 - DATA E HORA DA ÚLTIMA ATUALIZAÇÃO | |
| Campo de controle | 20241122094924.0 |
| 008 - CAMPO DE TAMANHO FIXO | |
| fixed length control field | 241122b2021 bl.ar|pooa||| 00| 0 eng | |
| 040 ## - FONTE DA CATALOGAÇÃO | |
| Agência catalogadora | BR-BrBNA |
| Idioma da catalogação | eng |
| 072 ## - CATEGORIA AGRIS | |
| Código AGRIS | H20 |
| Código do objeto | 1660 |
| 072 ## - CATEGORIA AGRIS | |
| Código AGRIS | H01 |
| 100 ## - ENTRADA PRINCIPAL - NOME PESSOAL | |
| Nome pessoal | Jurado-Rincón, Diego Alejandro |
| 100 ## - ENTRADA PRINCIPAL - NOME PESSOAL | |
| Nome pessoal | Rincón-Rivera, Linda Jeimmy |
| 100 ## - ENTRADA PRINCIPAL - NOME PESSOAL | |
| Nome pessoal | Vargas-Berdugo, Angela María |
| 100 ## - ENTRADA PRINCIPAL - NOME PESSOAL | |
| Nome pessoal | González-Almario, |
| 245 ## - TÍTULO PRINCIPAL | |
| Título principal | Partial sequencing of a putative Alstroemeria necrotic streak orthotospovirus isolate detected on lettuce in Colombia |
| 500 ## - NOTA GERAL | |
| Nota geral | Publicação online; 26 ref.; 4 illus.; Summaries (En, Pt) |
| 942 ## - ADDED ENTRY ELEMENTS (KOHA) | |
| Koha item type | Analítica |
| 520 ## - NOTA DE RESUMO | |
| Nota de conteúdo | <br/><br/>ABSTRACT - Lettuce is the most cultivated leafy salad vegetable in Colombia, being the municipality of Madrid, in the Department of Cundinamarca, the second largest producer. In this region, lettuce plants with foliar symptoms characterized by brown necrotic spots forming an extended necrotic area, chlorosis, leaf distortion and plant stunting have been detected, possibly caused by a viral infection associated with the Orthotospovirus genus. This study aimed to identify the orthotospovirus species associated with those symptoms, contributing to updating the lettuce phytosanitary status in this region. The presence of orthotospovirus was confirmed by the enzyme-linked immunosorbent assay (DAS-ELISA), although the sequence of the nucleocapsid (N) gene confirmed the presence of Alstroemeria necrotic streak orthotospovirus, disregarding the Tomato spotted wilt orthotospovirus and Impatiens necrotic spot orthotospovirus previously reported for this crop, being this its first report in lettuce crops in Colombia.<br/><br/><br/><br/>KEYWORDS: Lactuca sativa L., Tomato spotted wilt orthotospovirus, Impatiens necrotic spot orthotospovirus, nucleocapsid protein. |
| 520 ## - NOTA DE RESUMO | |
| Nota de conteúdo | <br/><br/>RESUMO - Sequenciamento parcial de isolado putativo de Alstroemeria necrotic streak orthotospovirus detectado em alface na Colômbia - A alface é o vegetal folhoso para salada mais cultivado na Colômbia, sendo o município de Madrid, no Departamento de Cundinamarca, o segundo maior produtor. Nessa região, foram detectadas plantas com sintomas foliares caracterizados por manchas necróticas de coloração castanha formando uma extensa área necrótica, clorose, distorção foliar e atrofia das plantas, causados por infecção viral possivelmente associada ao gênero Orthotospovirus. Objetivou-se identificar as espécies de orthotospovirus associadas aos sintomas, contribuindo para a atualização do estatuto fitossanitário da alface nessa região. Foi constatada a presença de orthotospovirus pelo ensaio de imunoabsorção enzimática (DAS-ELISA), embora a sequência do gene nucleocapsid (N) tenha confirmado a presença de Alstroemeria necrotic streak orthotospovirus, desconsiderando-se o Tomato spotted wilt orthotospovirus e Impatiens necrotic spot orthotospovirus previamente relatados para essa cultura, sendo este o seu primeiro relato para o cultivo de alface na Colômbia.<br/><br/><br/>PALAVRAS-CHAVE: Lactuca sativa L., Tomato spotted wilt orthotospovirus, Impatiens necrotic spot orthotospovirus, proteína nucleocapsid. |
| 650 ## - ASSUNTO - THESAGRO | |
| Cabeçalho tópico ou nome geográfico | ALFACE |
| 650 ## - ASSUNTO - THESAGRO | |
| Cabeçalho tópico ou nome geográfico | VÍRUS |
| 650 ## - ASSUNTO - THESAGRO | |
| Cabeçalho tópico ou nome geográfico | LEVANTAMENTO FITOSSANITÁRIO |
| 650 ## - ASSUNTO - THESAGRO | |
| Cabeçalho tópico ou nome geográfico | DEFESA VEGETAL |
| 650 ## - ASSUNTO - THESAGRO | |
| Cabeçalho tópico ou nome geográfico | COLÔMBIA |
| 773 0# - ENTRADA ANALÍTICA | |
| Host Biblionumber | 3248 |
| Registro do item | 317347 |
| Imprenta | Goiânia-GO UFG. Escola de Agronomia 1999 |
| Outro identificador | 2024-3999 |
| Título | Pesquisa Agropecuária Tropical (Brazil) |
| ISSN | 1517-6398 |
| Colação | v. 51 p. 1-6; (2021) |
| Número de controle de registro | BR2024003494 |
| 856 ## - ACESSO E ENDEREÇO ELETRÔNICO | |
| Identificador uniforme de recurso - URI | https://www.scielo.br/j/pat/a/YJLVDxBJM7S6wNPhRgS75nn/?format=pdf&lang=en |
Nenhum exemplar disponível.

BINAGRI